Administratívna budova

Na minha lista:
Detalhes bibliográficos
Autor principal: Füle, Peter, 1987- (Author)
Outros Autores: Držka, Milan, 1946- (Thesis advisor)
Formato: Manuscrito Livro
Idioma:eslovaco
Publicado em: Bratislava : STU v Bratislave SvF, 2012
Assuntos:
Acesso em linha:VAIS
Tags: Adicionar Tag
Sem tags, seja o primeiro a adicionar uma tag!

MARC

LEADER 00000ntm a22000003a 4500
001 stu250881
005 20150617230203.2
008 120719s2012----xo------------------slo-d
040 |a STU  |b slo 
041 0 |a slo 
044 |a xo 
100 1 |a Füle, Peter,  |d 1987-  |4 aut  |u V180  |U SvF Stavebná fakulta  |T SvF Katedra konštrukcií pozemných stavieb  |X 39383  |U V180  |Y 18  |7 A000039383 
242 0 0 |a Administrative building  |y eng 
245 1 |a Administratívna budova 
260 |a Bratislava :  |b STU v Bratislave SvF,  |c 2012 
650 7 |a architektonické konštrukcie a projektovanie  |2 stusub 
650 7 |a Architectural Constructions and Design  |2 estusub 
650 7 |a administratívna budova  |2 stusub 
650 7 |a polyfunkcia  |2 stusub 
700 1 |a Držka, Milan,  |d 1946-  |4 ths  |u V180  |U SvF Stavebná fakulta  |T SvF Katedra konštrukcií pozemných stavieb  |X 975  |U V180  |Y 18  |7 A000000975 
856 4 |a info a plný text  |u http://is.stuba.sk/zp/portal_zp.pl?podrobnosti=82410  |3 VAIS